Регионална библиотека "Любен Каравелов" - Русе

Нова лечебна наука или Учение за единния произход на болестите и тяхното лекуване без лекарства и операции (Запис номер 90278)

MARC детайли
000 -Лидер
Контролно поле с фиксирана дължина 02079nam a2200445 a 4500
003 - Код на организацията, давaща контролен номер
Контролно поле BLK
005 - Дата и час на последна редакция
Контролно поле 20240319095617.0
008 - Елементи от данни с фиксирана дължина
fixed length control field 180408b bul|||||r ||||||| ||bul||
010 ## - Наследен системен номер
LC control number KNG00095017000
040 ## - Източник на каталожния запис
Идентификатор на билиотеката - собственик на записа BLK
041 ## - Код за език
Код за езика на текст/звукозапис или на отделно заглавие Български
Код за езика КДБФ Български
072 #7 - Код за тематичната категория
Код организация bullib
Код за тематична категория Л05
Текст Други методи
080 ## - УДК
Текстов определител УДК Физикални средства. Лечение с природни средства
УДК код - определител по УДК 615.83
УДК определител (430)(035)
УДК - код + определител 615.83(430)(035)
080 ## - УДК
Текстов определител УДК Народна медицина. Лечение с домашни средства
УДК код - определител по УДК 615.89
УДК определител (430)(035)
УДК - код + определител 615.89(430)(035)
100 1# - Редна дума - Автор
Автор Куне, Луи
Авторска отговорност първи автор
R(LIN) 245869
139 ## - Редно поле
Редна дума Куне, Луи
Авторски знак Ку - К 93
245 10 - Сведения за заглавието
Заглавие Нова лечебна наука или Учение за единния произход на болестите и тяхното лекуване без лекарства и операции
Редно поле (дума) Луи Куне; прев. от нем. Ангел Ангелов.
250 ## - Област на изданието
Сведения за изданието 3. изд.
257 ## - Страна на издаване
Страна на създаване/издаване Германия
260 ## - Област на издателските данни
Място на издаване, разпространение и проч. Велико Търново
Име на издателя, разпространителя и проч. Сириус-4
Година на издаване 1993
Печатница Русе : Дунав прес
300 ## - Физическа характеристика
Страници 208 с.
Илюстрации и др. с ил.
Размери/Мащаб 24 см
380 ## - Жанр
Жанр Медицина
500 ## - Общи забележки
Забележка 1. изд. 1926 на изд. Ив. Куюмджиев и сие ; В кн. означено 2. изд. - Офс. изд.
650 #4 - Допълнително описание по предмет – тема
Основно описание – тема или топоним Народна медицина - Германия - наръчници и ръководства
9 (RLIN) 250478
651 #4 - Допълнително описание по предмет - топоним
Географско понятие Германия
9 (RLIN) 178754
653 ## - Ключова дума – ненормативна
Ключова дума природолечение
653 ## - Ключова дума – ненормативна
Ключова дума народна медицина
653 ## - Ключова дума – ненормативна
Ключова дума наръчници
653 ## - Ключова дума – ненормативна
Ключова дума ръководства
653 ## - Ключова дума – ненормативна
Ключова дума водолечение
659 ## - Тематичен бюлетин
Тематичен бюлетин Л
700 ## - Други автори (авторска отговорност)
Лично име Ангелов, Ангел
Звания и думи, свързани с автора Актьор в Русенския драматичен театър; пантомимист
9 (RLIN) 241859
852 ## - Местоположение
Форматна сигнатура Цб 172446
Фондова буква Хранилище
856 4# - Електронен адрес и достъп
Електронен формат pdf - файл
Инструкция (цена за достъп) 0.00
Права за достъп disable
856 4# - Електронен адрес и достъп
Електронен формат pdf - файл
Инструкция (цена за достъп) 0.00
Права за достъп disable
999 ## - СИСТЕМНИ КОНТРОЛНИ НОМЕРА
Koha biblionumber 90278
Koha biblioitemnumber 90278
942 ## - АРТИКУЛИ
Вид на библиотечния материал Книги
Скрит в OPAC Не
Периодичен библиозапис Да
944 ## - СЪЗДАВАНЕ И РЕДАКЦИЯ на ЗАПИСА
Създаване/Редакция Създаване
Дата на регистрацията/редакция 30.03.2010
Статус, дата на статуса Моника Янева
Служител, извършил регистрацията/редакцията 30570
944 ## - СЪЗДАВАНЕ И РЕДАКЦИЯ на ЗАПИСА
Създаване/Редакция Редакция
Дата на регистрацията/редакция 12.11.2011
Статус, дата на статуса ф /
999 ## - СИСТЕМНИ КОНТРОЛНИ НОМЕРА
Koha biblioitemnumber 90278
Наличности
Код за отписване Код за изгубен артикул Източник на класификационната схема Код за повреда Коз за рестрикции Код за отдаване Артикулен № Име на библиотеката - собственик Име на библиотеката, в която се намира в момента Статус (Текущо местоположение) Дата на вписване в системата Местоположение - отдел Цена в лева Инвентарен номер Систематично азбучна сигнатура Баркод Номер на екземпляра Цена в евро Служебна бележка Служебен тип на артикула
Изтеглен Не е изгубен Universal Decimal Classification Не е повреден без рестрикции заемане за дома 145931 Регионална библиотека "Любен Каравелов" Русе Регионална библиотека "Любен Каравелов" Русе Заемна - подръчен фонд 2010-03-29 Заемна - подръчен фонд 2.80 120000742998 П 615.83/К 93 120000742998 1 1.43 Дост: DA Вид: А N: 10 Дата: 29.03.2010 Книги
  Не е изгубен Universal Decimal Classification Не е повреден без рестрикции ползва се в читалня 145932 Регионална библиотека "Любен Каравелов" Русе Регионална библиотека "Любен Каравелов" Русе Хранилище 1993-01-01 Хранилище 0.98 580327 Цб 172446 120000580327 2 0.50 Дост: Dp Вид: Д N: стар фонд Дата: 01.01.1993 Книги
Изтеглен Не е изгубен Universal Decimal Classification Не е повреден без рестрикции заемане за дома 145933 Регионална библиотека "Любен Каравелов" Русе Регионална библиотека "Любен Каравелов" Русе Заемна - подръчен фонд 1993-01-01 Заемна - подръчен фонд 1.96 577997 П 615.83/К 93 577997 3 1.00 Дост: Pk Вид: Ф N: стар фонд Дата: 01.01.1993 Книги
Изтеглен Не е изгубен Universal Decimal Classification Не е повреден без рестрикции заемане за дома 145934 Регионална библиотека "Любен Каравелов" Русе Регионална библиотека "Любен Каравелов" Русе Заемна - подръчен фонд 1993-01-01 Заемна - подръчен фонд 1.96 577999 П 615.83/К 93 577999 4 1.00 Дост: Pk Вид: Ф N: стар фонд Дата: 01.01.1993 Книги
Vip Innovations Ltd, Rousse, Bulgaria 2025